Mi primer diccionario (Registro nro. 14684)

Detalles MARC
000 -LIDER
fixed length control field 00756nam a2200241 a 4500
001 - NÚMERO DE CONTROL
Identificador de número de control 0000403
003 - IDENTIFICACDOR DE NÚMERO DE CONTROL
control field DO-SdBNP
005 - DATE AND TIME OF LATEST TRANSACTION
control field 20240624113240.0
007 - CAMPOS FIJOS DE DESCRIPCIÓN FÍSICA
fixed length control field 0000403
008 - ELEMENTOS DE LONGITUD FIJA
fixed length control field 091125s20uu sp a 000 0 spa d
020 ## - ISBN
International Standard Book Number 8497961625
040 ## - FUENTE DE CATALOGACIÓN
Agencia que crea de manera original el registro BPMSU
Idioma de catalogación spa
Agencia que realiza la transcripción BPMSU
082 #4 - NÚMERO DE CLASIFICACIÓN DECIMAL DE DEWEY
Classification number R372.2103
Item number M618p
Edition number 22
245 10 - MENCIÓN DE TITULO
Título Mi primer diccionario
Mención de responsabilidad
246 14 - VARIACION DEL TÍTULO
Título propiamente dicho o título corto Mi primer diccionario :
Subtítulo con màs de 1500 definiciones ilustradas...
260 ## - PUBLICACIÓN, DISTRIBUCIÓN, ETC. (PIE DE IMPRENTA)
Lugar de publicación, distribución, etc Barcelona :
Nombre del editor, distribuidor, etc. Ediciones Saldaña,
Fecha de publicación, distribución, etc [199-?]
300 ## - DESCRIPCIÓN FÍSICA
Extensión 200 p. :
Otros detalles físicos il. ;
Dimensiones 27 cm.
590 ## - NOTA LOCAL
Texto de la nota local Inventariado, 2024/VM
650 #4 - ENCABEZAMIENTO DE MATERIA--TEMÁTICO
Término temático o nombre geográfico como elemento de entrada Educación preescolar
Subdivisión temática general Diccionarios infantiles.
650 #4 - ENCABEZAMIENTO DE MATERIA--TEMÁTICO
Término temático o nombre geográfico como elemento de entrada Enciclopedias y diccionarios para niños.
910 ## - VALIDACIÓN
Validación VMateo V. Control de calidad. BPMSU
942 ## - ADDED ENTRY ELEMENTS (KOHA)
Source of classification or shelving scheme Dewey Decimal Classification
Koha item type Libros
Existencias
Withdrawn status Lost status Source of classification or shelving scheme Damaged status Not for loan Collection code Home library Current library Date acquired Total Checkouts Full call number Barcode Date last seen Price effective from Koha item type
    Dewey Decimal Classification     Colección Infantil General Biblioteca Pública Metropolitana Salomé Ureña Biblioteca Pública Metropolitana Salomé Ureña 06/24/2024   BPMSU CGRI R372.2103 M618p BPMSU24060083 06/24/2024 06/24/2024 Libros